000 00313nam a22001337a 4500
008 190306b xxu||||| |||| 00| 0 eng d
020 _a9781451188516
041 _aeng
080 _a610
100 _a4
101 _aSHM
245 _aThe Washington Manual of Medical Therapeutics
_cGodara, H
942 _2udc
_cBK
999 _c54626
_d54626